La verdadera religión: un diálogo con Bernhard Welte
Sábháilte in:
| Príomhchruthaitheoir: | |
|---|---|
| Formáid: | LEABHAR |
| Teanga: | Spáinnis |
| Foilsithe / Cruthaithe: |
Talca
Universidad Católica del Maule
2000
|
| Sraith: | Colección Tabor, 18
|
| Ábhair: | |
| Clibeanna: |
Cuir clib leis
Níl clibeanna ann, Bí ar an gcéad duine le clib a chur leis an taifead seo!
|
MARC
| LEADER | 00000nam a2200000 a 4500 | ||
|---|---|---|---|
| 001 | UCN3534 | ||
| 003 | CL-VaPUC | ||
| 008 | 010629e20000000CL |||||||||||||||||spa|d | ||
| 082 | 0 | 4 | |a 210.1 |b SIL |2 21 |
| 100 | 0 | |a Silva Soler, Joaquín |e author |9 460099 | |
| 245 | 1 | 3 | |a La verdadera religión: un diálogo con Bernhard Welte |
| 300 | |a 416 p | ||
| 942 | |c BK | ||
| 945 | |d 20010629 00:00:00 |a cmena | ||
| 260 | |a Talca |b Universidad Católica del Maule |c 2000 | ||
| 500 | |a Clasificación ed. 21. Anteriormente 200.1 | ||
| 600 | 0 | 7 | |a WELTE, BERNHARD |2 CL-VaPUC |9 460100 |
| 650 | 0 | |a Filosofía de la religión |9 256017 | |
| 650 | 0 | |a Teología |9 258766 | |
| 650 | 0 | |a Creencia Religiosa |9 316904 | |
| 583 | |a last modification |c 20010629 00:00:00 |k Rodrigo Vera | ||
| 490 | 0 | |a Colección Tabor, 18 | |
| 999 | |c 296381 |d 296379 | ||
| 952 | |0 0 |1 0 |4 0 |6 210_100000000000000_SIL_2000 |7 0 |8 A |9 350121 |a BIBTEO |b BIBTEO |d 2019-11-20 |i 372512K |o 210.1 SIL 2000 |p 372512K |r 2025-01-17 |w 2019-11-20 |y BK |k ICR | ||